[Event "4NCL Division Three West"]
[Site "Daventry, ENG"]
[Date "2023.02.04"]
[Round "5.22"]
[White "Smith, Mark"]
[Black "Pitcher, John"]
[Result "0-1"]
[WhiteElo "1914"]
[BlackElo "2204"]
[PlyCount "126"]
[EventDate "2023.02.04"]
[WhiteTeam "Barnet Knights B"]
[BlackTeam "Warwickshire Select 1"]

1. d4 d5 2. c4 c6 3. Nf3 Nf6 4. g3 Bf5 5. Bg2 e6 6. O-O Nbd7 7. b3 Be7 8. Re1
O-O 9. Nfd2 Qb6 10. Bb2 Rfd8 11. Nc3 h6 12. Rc1 a5 13. Na4 Qa7 14. c5 b5 15.
cxb6 Nxb6 16. Nc5 a4 17. b4 a3 18. Bc3 Na4 19. Nxa4 Qxa4 20. Qxa4 Rxa4 21. Nb3
Bxb4 22. Bxb4 Rxb4 23. Rxc6 Ra8 24. Rc3 Ne8 25. Rec1 Nd6 26. Bf1 Kh7 27. e3 Ne4
28. Rc8 Ra7 29. Bd3 Nxg3 30. Bxf5+ Nxf5 31. R8c7 Rxc7 32. Rxc7 Nd6 33. Ra7 Nb5
34. Ra5 Nc3 35. Rxa3 Nxa2 36. Nc5 Rb2 37. Nd3 Rb1+ 38. Kg2 Nc1 39. Ne5 f6 40.
Nd7 Kg6 41. Kf3 Kf5 42. Ra5 Nb3 43. Ra2 Rc1 44. Rb2 Rc7 45. Nb6 Rc3 46. Ke2 Na5
47. Rb5 Nc6 48. Nd7 g5 49. Nc5 e5 50. Nb7 exd4 51. Rxd5+ Ke4 52. Rc5 d3+ 53.
Kd2 Rc2+ 54. Rxc2 dxc2 55. Nc5+ Kf3 56. Kxc2 Ne5 57. h3 f5 58. Kd2 Kxf2 59. e4
f4 60. Nd3+ Nxd3 61. Kxd3 Kg3 62. e5 f3 63. e6 f2 0-1

[Event "4NCL Division Three West"]
[Site "Daventry, ENG"]
[Date "2023.02.04"]
[Round "5.23"]
[White "Valdepenas Octavio, Javier"]
[Black "Vyas, Alisha"]
[Result "1-0"]
[WhiteElo "2199"]
[BlackElo "1898"]
[PlyCount "153"]
[EventDate "2023.02.04"]
[WhiteTeam "Warwickshire Select 1"]
[BlackTeam "Barnet Knights B"]

1. e4 c5 2. Nf3 d6 3. d4 cxd4 4. Nxd4 Nf6 5. Nc3 g6 6. Be3 Bg7 7. f3 O-O 8. Qd2
Nc6 9. O-O-O Nxd4 10. Bxd4 Be6 11. Kb1 Qc7 12. h4 Rfc8 13. g4 Qa5 14. a3 Rab8
15. h5 b5 16. hxg6 fxg6 17. g5 Nh5 18. Nd5 Qxd2 19. Rxd2 Rb7 20. Bh3 Bxh3 21.
Rxh3 Rf8 22. Be3 Be5 23. Nb4 Bf4 24. Rd3 Bxe3 25. Rxe3 Nf4 26. Rh1 Rc7 27. Rg1
Rfc8 28. Rg4 Rf8 29. Rxf4 Rxf4 30. Nd5 Rc5 31. Nxf4 Rxg5 32. Re2 Rg3 33. Rf2 g5
34. Ne2 Rh3 35. Kc1 Kf7 36. Kd2 h5 37. Nd4 a6 38. Ke2 Kf6 39. Kf1 Rh1+ 40. Kg2
Rb1 41. c3 Rd1 42. Nc6 d5 43. e5+ Ke6 44. Re2 h4 45. Nd4+ Kf7 46. Kh3 Kg6 47.
Nc6 Kf5 48. Kg2 Kf4 49. Nd4 Rd3 50. Ne6+ Kf5 51. Nd4+ Kf4 52. e6 Rd1 53. Rf2
Re1 54. Kh2 a5 55. Rg2 Rb1 56. Rg4+ Ke3 57. Rxg5 Rxb2+ 58. Kh3 b4 59. axb4 axb4
60. Nb5 Kxf3 61. cxb4 Rxb4 62. Rxd5 Rb1 63. Kxh4 Kf4 64. Kh5 Rg1 65. Nc7 Rc1
66. Kg6 Rxc7 67. Kf7 Ke4 68. Rd7 Rc1 69. Kxe7 Ke5 70. Ra7 Rc5 71. Kf7 Kd6 72.
Rd7+ Kc6 73. Rd8 Rf5+ 74. Kg6 Re5 75. Kf6 Re1 76. e7 Rf1+ 77. Kg5 1-0

[Event "4NCL Division Three West"]
[Site "Daventry, ENG"]
[Date "2023.02.04"]
[Round "5.24"]
[White "Horan, George"]
[Black "Brooks, Phil J"]
[Result "0-1"]
[WhiteElo "1935"]
[BlackElo "2125"]
[PlyCount "110"]
[EventDate "2023.02.04"]
[WhiteTeam "Barnet Knights B"]
[BlackTeam "Warwickshire Select 1"]

1. d4 e6 2. c4 d5 3. Nf3 c6 4. b3 Nf6 5. e3 Nbd7 6. Nbd2 b6 7. Bb2 Bb7 8. Be2
Be7 9. O-O O-O 10. Qc2 Rc8 11. Rac1 c5 12. dxc5 Bxc5 13. Qb1 Qe7 14. cxd5 Nxd5
15. Ne4 Ba3 16. Neg5 N5f6 17. Bxa3 Qxa3 18. Rc4 Rxc4 19. Bxc4 Qe7 20. Rd1 h6
21. Nh3 Bxf3 22. gxf3 Ne5 23. Be2 Qb7 24. e4 Ng6 25. Qd3 e5 26. Kh1 Qc8 27. f4
exf4 28. Ng1 Qc5 29. Qd4 Rc8 30. Qxc5 Rxc5 31. f3 Rc2 32. a4 Rc3 33. Rd8+ Kh7
34. Bd1 Ne5 35. Rd7 g5 36. h3 Rd3 37. Rxd3 Nxd3 38. Bc2 Ne5 39. Kg2 Kg7 40. Ne2
Nc6 41. h4 Nd7 42. Nc3 Nd4 43. Bd1 Nc5 44. hxg5 hxg5 45. b4 Nd3 46. Nb5 Nxb5
47. axb5 Nxb4 48. Be2 Nc2 49. e5 f6 50. e6 Kf8 51. Kh3 Nd4 52. Bc4 Nxf3 53. Kg4
Ne5+ 54. Kf5 Nxc4 55. Kxf6 f3 0-1

[Event "4NCL Division Three West"]
[Site "Daventry, ENG"]
[Date "2023.02.04"]
[Round "5.25"]
[White "Mason, Donald J"]
[Black "Kirupakaran, Vishnu"]
[Result "1-0"]
[WhiteElo "2163"]
[BlackElo "1912"]
[PlyCount "35"]
[EventDate "2023.02.04"]
[WhiteTeam "Warwickshire Select 1"]
[BlackTeam "Barnet Knights B"]

1. e4 c5 2. Nc3 d6 3. f4 Nc6 4. Nf3 g6 5. Bb5 Bd7 6. Bxc6 Bxc6 7. d3 Bg7 8. O-O
Nf6 9. Qe1 Nd7 10. Be3 O-O 11. f5 Ne5 12. Qh4 e6 13. Ng5 h6 14. f6 hxg5 15.
Bxg5 Bh8 16. Rae1 b5 17. Re3 b4 18. Rh3 1-0

[Event "4NCL Division Three West"]
[Site "Daventry, ENG"]
[Date "2023.02.04"]
[Round "5.26"]
[White "Bakacsi, Zsolt"]
[Black "Shephard, Chris C W"]
[Result "0-1"]
[WhiteElo "1862"]
[BlackElo "2194"]
[PlyCount "62"]
[EventDate "2023.02.04"]
[WhiteTeam "Barnet Knights B"]
[BlackTeam "Warwickshire Select 1"]

1. d4 Nf6 2. c4 c5 3. d5 e5 4. Nc3 d6 5. e4 g6 6. f4 exf4 7. Bxf4 Nh5 8. Be3
Bg7 9. Nf3 Qe7 10. Bd3 O-O 11. O-O Nd7 12. Qd2 Ne5 13. Nxe5 Bxe5 14. Bg5 f6 15.
Bh6 Rf7 16. Rae1 Bd7 17. Be2 Ng7 18. Bf4 Bd4+ 19. Kh1 Re8 20. Bf3 a6 21. Ne2
Be5 22. b3 Qd8 23. Ng3 b5 24. Bxe5 Rxe5 25. Ne2 f5 26. Ng3 f4 27. Ne2 g5 28.
Ng1 g4 29. Bd1 Qh4 30. Re2 Nh5 31. h3 Ng3+ 0-1

[Event "4NCL Division Three West"]
[Site "Daventry, ENG"]
[Date "2023.02.04"]
[Round "5.31"]
[White "Midhun, P U."]
[Black "Grillage, Andrew"]
[Result "0-1"]
[WhiteElo "2147"]
[BlackElo "1922"]
[PlyCount "89"]
[EventDate "2023.02.04"]
[WhiteTeam "West is Best 2"]
[BlackTeam "Shropshire & Friends"]

1. Nf3 Nf6 2. g3 b5 3. d3 e6 4. Bg2 Bb7 5. O-O Be7 6. e4 d6 7. c3 Nbd7 8. Nd4
c6 9. Be3 a6 10. f4 e5 11. Nf5 O-O 12. Nd2 d5 13. fxe5 Nxe5 14. d4 Nc4 15. Nxc4
bxc4 16. e5 Ne8 17. Qh5 Bc8 18. Nxe7+ Qxe7 19. Rae1 f6 20. Qh4 Ra7 21. exf6
Nxf6 22. Bg5 Qd6 23. Bxf6 gxf6 24. Re2 Raf7 25. Bf3 Re7 26. Ref2 Bd7 27. Bh5
Kg7 28. g4 Re4 29. Rf3 Qe7 30. Qg3 Kh8 31. g5 f5 32. R3f2 Rg8 33. Rg2 Re3 34.
Qf4 Re4 35. Qd2 Re3 36. g6 Qe4 37. Qf2 Rg7 38. Kh1 hxg6 39. Bf3 Qe7 40. Rfg1
Be8 41. Rg5 Rh7 42. Qg3 Qc7 43. Qxc7 Rxc7 44. Bd1 Rce7 45. Kg2 0-1

[Event "4NCL Division Three West"]
[Site "Daventry, ENG"]
[Date "2023.02.04"]
[Round "5.32"]
[White "Higgie, Charles L"]
[Black "Saunders, Aron"]
[Result "0-1"]
[WhiteElo "1913"]
[BlackElo "2052"]
[PlyCount "78"]
[EventDate "2023.02.04"]
[WhiteTeam "Shropshire & Friends"]
[BlackTeam "West is Best 2"]

1. d4 d5 2. c4 c6 3. Nf3 Nf6 4. Nc3 dxc4 5. a4 Bf5 6. e3 e6 7. Bxc4 Bb4 8. O-O
O-O 9. Nh4 Bg6 10. Nxg6 hxg6 11. f3 Nbd7 12. e4 e5 13. Be3 Qb6 14. Rf2 Rad8 15.
Rd2 exd4 16. Bxd4 Bc5 17. a5 Qb4 18. Ra4 Bxd4+ 19. Rxd4 Qe7 20. Ba2 g5 21. Rd6
Ne5 22. Rad4 Rxd6 23. Rxd6 Ng6 24. Qd4 Kh8 25. g3 Ne5 26. Kg2 Rc8 27. b4 Ne8
28. f4 gxf4 29. gxf4 Nxd6 30. Qxe5 Qd7 31. Qh5+ Kg8 32. e5 Qf5 33. Qxf5 Nxf5
34. e6 Kf8 35. Ne4 f6 36. Nc5 Rc7 37. Kf3 Ke7 38. Bb1 Nd4+ 39. Ke4 Nxe6 0-1

[Event "4NCL Division Three West"]
[Site "Daventry, ENG"]
[Date "2023.02.04"]
[Round "5.33"]
[White "Bullen, Alex"]
[Black "Taylor, Robert K"]
[Result "1-0"]
[WhiteElo "2119"]
[BlackElo "1940"]
[PlyCount "65"]
[EventDate "2023.02.04"]
[WhiteTeam "West is Best 2"]
[BlackTeam "Shropshire & Friends"]

1. d4 Nf6 2. Nf3 d5 3. e3 Bg4 4. c4 dxc4 5. Bxc4 e6 6. Qb3 Bxf3 7. gxf3 Nbd7 8.
Nc3 Nb6 9. Be2 Be7 10. Bd2 O-O 11. f4 c5 12. dxc5 Bxc5 13. Bf3 Qe7 14. Ne4 Nxe4
15. Bxe4 Rfd8 16. O-O-O Nd5 17. Rhg1 Rac8 18. Kb1 b6 19. f5 Qf6 20. Bxd5 exd5
21. Qd3 Bd6 22. f4 Bf8 23. Bc3 Qe7 24. f6 Qe4 25. fxg7 Bc5 26. Rg3 a5 27. f5
Re8 28. f6 Bxe3 29. Qxe4 Rxe4 30. Rxd5 Re6 31. Rh3 Bf4 32. a3 Rxc3 33. Rd8+ 1-0

[Event "4NCL Division Three West"]
[Site "Daventry, ENG"]
[Date "2023.02.04"]
[Round "5.34"]
[White "Bryant, Richard B E"]
[Black "Freeland, Alex"]
[Result "1-0"]
[WhiteElo "1833"]
[BlackElo "2108"]
[PlyCount "111"]
[EventDate "2023.02.04"]
[WhiteTeam "Shropshire & Friends"]
[BlackTeam "West is Best 2"]

1. e4 e6 2. d4 d5 3. Nd2 h6 4. Bd3 Nf6 5. e5 Nfd7 6. Ne2 c5 7. c3 Nc6 8. f4 Qb6
9. Nf3 cxd4 10. cxd4 Bb4+ 11. Bd2 Bxd2+ 12. Qxd2 Qb4 13. Rc1 Qxd2+ 14. Kxd2 Ke7
15. h4 Nb6 16. b3 Bd7 17. h5 Rhc8 18. f5 exf5 19. Nh4 Nb4 20. Bb1 f6 21. Ng6+
Kf7 22. Rcf1 a5 23. a3 Nc6 24. exf6 Kxf6 25. a4 Ne7 26. Nh4 Rf8 27. g4 Rae8 28.
Nxf5 Nxf5 29. gxf5 Nc8 30. Rhg1 Kf7 31. f6 gxf6 32. Bg6+ Ke7 33. Nf4 Rd8 34.
Nxd5+ Ke6 35. Ne3 Be8 36. d5+ Kd6 37. Bxe8 Rdxe8 38. Rg6 Kc5 39. Rg4 Nd6 40.
Rc1+ Kb6 41. Kd3 Re5 42. Nc4+ Nxc4 43. bxc4 Rxh5 44. c5+ Kc7 45. Rg7+ Kc8 46.
Kc4 f5 47. Kb5 f4 48. d6 Rhf5 49. Rc7+ Kb8 50. Kb6 R8f7 51. Rxf7 Rxf7 52. Re1
Rf8 53. Re7 f3 54. Rxb7+ Ka8 55. Ra7+ Kb8 56. c6 1-0

[Event "4NCL Division Three West"]
[Site "Daventry, ENG"]
[Date "2023.02.04"]
[Round "5.35"]
[White "Taylor, William J"]
[Black "Sloan, Cecil"]
[Result "1-0"]
[WhiteElo "2060"]
[BlackElo "1654"]
[PlyCount "83"]
[EventDate "2023.02.04"]
[WhiteTeam "West is Best 2"]
[BlackTeam "Shropshire & Friends"]

1. e4 c5 2. Nf3 Nc6 3. d4 cxd4 4. Nxd4 e5 5. Nb5 d6 6. c4 Nf6 7. N5c3 Be7 8.
Bd3 O-O 9. O-O Be6 10. Nd5 Bxd5 11. exd5 Nb4 12. Be2 Na6 13. Be3 b6 14. Nc3 Nd7
15. Qd2 f5 16. f3 f4 17. Bf2 Bh4 18. Bxh4 Qxh4 19. Ne4 Qe7 20. b4 Nc7 21. Bd3
Nf6 22. c5 Nxe4 23. Bxe4 Nb5 24. cxb6 axb6 25. Bxh7+ Kh8 26. Rfe1 Nd4 27. Qxd4
Kxh7 28. Qxb6 Rfb8 29. Qc6 Rc8 30. Qb5 Rcb8 31. Qd3+ Kg8 32. Qb3 Qa7+ 33. Kh1
Qd4 34. a3 Rc8 35. Red1 Qf2 36. Ra2 Qb6 37. a4 Rc7 38. b5 Rca7 39. Rc1 Rc7 40.
Rac2 Rac8 41. Rc6 Qf2 42. Qc2 1-0

[Event "4NCL Division Three West"]
[Site "Daventry, ENG"]
[Date "2023.02.04"]
[Round "5.36"]
[White "Slegg, Gary"]
[Black "Binesmael, Mohamed"]
[Result "1-0"]
[WhiteElo "1643"]
[BlackElo "1548"]
[PlyCount "101"]
[EventDate "2023.02.04"]
[WhiteTeam "Shropshire & Friends"]
[BlackTeam "West is Best 2"]

1. e4 c6 2. Nc3 d5 3. Nf3 dxe4 4. Nxe4 Nf6 5. Qe2 Nxe4 6. Qxe4 Nd7 7. Bc4 Nf6
8. Ne5 e6 9. Qf3 Bd6 10. d4 Bb4+ 11. c3 Qxd4 12. Bf4 Ba5 13. O-O Qe4 14. Rfe1
Qxf3 15. Nxf3 O-O 16. Bd6 Re8 17. b4 Bd8 18. Rad1 Nd5 19. Bxd5 cxd5 20. Rxd5
Bf6 21. Rd3 b6 22. Be5 Ba6 23. Rd4 Be7 24. Bd6 Bd8 25. Ne5 Rc8 26. Rc1 f6 27.
Ng4 e5 28. Rd2 f5 29. Ne3 Bg5 30. Rd5 f4 31. Ng4 f3 32. Re1 fxg2 33. Rdxe5 Rxe5
34. Bxe5 Bb7 35. Ne3 Bxe3 36. fxe3 Be4 37. Bd4 h5 38. Re2 h4 39. h3 Kh7 40. Rf2
Kg8 41. Rf4 Rf8 42. Rxe4 Rf1+ 43. Kxg2 Ra1 44. Rxh4 Rxa2+ 45. Kg3 Rc2 46. Rg4
a5 47. Rxg7+ Kf8 48. bxa5 bxa5 49. Ra7 Ra2 50. h4 a4 51. h5 1-0

[Event "4NCL Division Three West"]
[Site "Daventry, ENG"]
[Date "2023.02.04"]
[Round "5.41"]
[White "Finn, Peter"]
[Black "Ogunshola, Ben"]
[Result "1/2-1/2"]
[WhiteElo "2232"]
[BlackElo "2119"]
[PlyCount "58"]
[EventDate "2023.02.04"]
[WhiteTeam "CSC/Kingston 1"]
[BlackTeam "Brown Jack"]

1. e4 d6 2. d4 Nf6 3. Nc3 g6 4. h3 a6 5. a4 b6 6. Nf3 Bb7 7. Bd3 Nc6 8. O-O Bg7
9. e5 dxe5 10. dxe5 Nd5 11. Qe2 Nxc3 12. bxc3 O-O 13. Rd1 Qc8 14. Ba3 Re8 15.
c4 Nd8 16. Be4 c5 17. Rab1 Bxe4 18. Qxe4 Rb8 19. a5 b5 20. cxb5 axb5 21. Bc1
Ne6 22. Ng5 Nxg5 23. Bxg5 Qe6 24. Bf4 b4 25. Rd5 Rb5 26. Qc4 Rxa5 27. Rxc5 Qxc4
28. Rxc4 Bxe5 29. Bxe5 Rxe5 1/2-1/2

[Event "4NCL Division Three West"]
[Site "Daventry, ENG"]
[Date "2023.02.04"]
[Round "5.42"]
[White "Headlong, Timothy"]
[Black "Farrand, Tom"]
[Result "1/2-1/2"]
[WhiteElo "2064"]
[BlackElo "2146"]
[PlyCount "88"]
[EventDate "2023.02.04"]
[WhiteTeam "Brown Jack"]
[BlackTeam "CSC/Kingston 1"]

1. Nf3 e6 2. c4 f5 3. g3 Nf6 4. Bg2 Be7 5. O-O O-O 6. d4 d6 7. Nc3 Ne4 8. Qc2
Nxc3 9. Qxc3 a5 10. b3 Nc6 11. Bb2 Bf6 12. Qd2 e5 13. dxe5 dxe5 14. Qd5+ Kh8
15. Qxd8 Rxd8 16. Rfd1 Be6 17. Ne1 Rxd1 18. Rxd1 a4 19. Bxc6 bxc6 20. Nd3 Rd8
21. Rb1 a3 22. Bxa3 Ra8 23. Bb2 Rxa2 24. Nb4 Ra5 25. Ra1 Rxa1+ 26. Bxa1 Bd7 27.
Na6 Kg8 28. f4 exf4 29. Bxf6 gxf6 30. gxf4 Kf7 31. Kf2 Ke7 32. Ke3 Kd6 33. Kd4
Be8 34. Nc5 Bh5 35. e3 Bf3 36. Nb7+ Kd7 37. Kc5 Be4 38. Na5 Bc2 39. b4 Ba4 40.
Kd4 Bd1 41. Nb7 Bc2 42. Kc3 Bd1 43. Kd4 Bc2 44. Kc5 Bd1 1/2-1/2

[Event "4NCL Division Three West"]
[Site "Daventry, ENG"]
[Date "2023.02.04"]
[Round "5.43"]
[White "Frostick, Clive A"]
[Black "Parker, Francis"]
[Result "1/2-1/2"]
[WhiteElo "2127"]
[BlackElo "1986"]
[PlyCount "84"]
[EventDate "2023.02.04"]
[WhiteTeam "CSC/Kingston 1"]
[BlackTeam "Brown Jack"]

1. e4 c5 2. Nf3 a6 3. c3 b5 4. d4 Bb7 5. Bd3 d6 6. O-O Nd7 7. b3 e5 8. Bb2 Be7
9. Qe2 Bf6 10. a4 bxa4 11. Rxa4 Qb6 12. Nbd2 Ne7 13. Nc4 Qc7 14. dxe5 dxe5 15.
Ne3 O-O 16. Rfa1 Ng6 17. g3 Rfb8 18. Nd2 a5 19. Ndc4 Bc6 20. Rxa5 Rxa5 21. Nxa5
Ba8 22. Nac4 Be7 23. Nd2 Ngf8 24. Bc4 Bg5 25. Bd5 Bxd5 26. Nxd5 Qb7 27. f4 Bh6
28. Ne7+ Kh8 29. Nf5 Qc6 30. Qc4 Qg6 31. Ra6 Ne6 32. Qd5 Qh5 33. Qxd7 Qe2 34.
Nf1 Qxa6 35. Nxh6 gxh6 36. Qxf7 Rxb3 37. f5 Rxb2 38. fxe6 Rb8 39. Qf6+ Kg8 40.
Qf7+ Kh8 41. Ne3 Qe2 42. Qf6+ Kg8 1/2-1/2

[Event "4NCL Division Three West"]
[Site "Daventry, ENG"]
[Date "2023.02.04"]
[Round "5.44"]
[White "Conterno, Dominique"]
[Black "Scrimgour, Alan"]
[Result "1/2-1/2"]
[WhiteElo "1847"]
[BlackElo "2035"]
[PlyCount "60"]
[EventDate "2023.02.04"]
[WhiteTeam "Brown Jack"]
[BlackTeam "CSC/Kingston 1"]

1. e4 c5 2. Nf3 e6 3. d3 Nc6 4. g3 g6 5. Bg2 Bg7 6. O-O Nge7 7. Nbd2 d5 8. Re1
O-O 9. e5 Rb8 10. c3 b5 11. Nb3 c4 12. Nbd4 cxd3 13. Qxd3 b4 14. Bg5 Qb6 15.
Bf1 a5 16. Bf6 Bd7 17. Qe3 Nxd4 18. cxd4 Nf5 19. Qd3 Rfc8 20. g4 Bxf6 21. exf6
Nd6 22. Qd2 Qd8 23. Ne5 Bb5 24. Bxb5 Rxb5 25. Qh6 Qxf6 26. Rac1 Rxc1 27. Rxc1
Qg7 28. Qf4 g5 29. Qe3 Rb8 30. Rc7 h6 1/2-1/2

[Event "4NCL Division Three West"]
[Site "Daventry, ENG"]
[Date "2023.02.04"]
[Round "5.45"]
[White "Hasson, Peter"]
[Black "Jones, Mark A"]
[Result "1-0"]
[WhiteElo "1929"]
[BlackElo "1843"]
[PlyCount "55"]
[EventDate "2023.02.04"]
[WhiteTeam "CSC/Kingston 1"]
[BlackTeam "Brown Jack"]

1. c4 e5 2. Nc3 Bb4 3. Nd5 a5 4. Nf3 d6 5. g3 Ne7 6. Nxb4 axb4 7. d3 O-O 8. Bg2
c5 9. O-O Nbc6 10. e3 f5 11. b3 Qe8 12. Bb2 Qh5 13. Nd2 Qh6 14. f4 Be6 15. Nf3
Rfd8 16. Qe2 exf4 17. gxf4 Bf7 18. Ng5 Bh5 19. Bf3 Bxf3 20. Rxf3 d5 21. Rh3 Qd6
22. Rxh7 d4 23. Qh5 Ng6 24. Rh8+ Nxh8 25. Qh7+ Kf8 26. Qxh8+ Ke7 27. Qxg7+ Ke8
28. Qf7# 1-0

[Event "4NCL Division Three West"]
[Site "Daventry, ENG"]
[Date "2023.02.04"]
[Round "5.46"]
[White "Fernando, Manel"]
[Black "Rice, Chris B"]
[Result "1/2-1/2"]
[WhiteElo "1492"]
[BlackElo "1978"]
[PlyCount "125"]
[EventDate "2023.02.04"]
[WhiteTeam "Brown Jack"]
[BlackTeam "CSC/Kingston 1"]

1. d4 Nf6 2. Nf3 g6 3. Bf4 Bg7 4. e3 c5 5. c3 b6 6. Nbd2 Bb7 7. Bd3 O-O 8. h3
Nc6 9. O-O d5 10. Re1 Nd7 11. Bc2 e5 12. dxe5 Ndxe5 13. Nxe5 Nxe5 14. Nf3 Qe7
15. Qe2 Nxf3+ 16. gxf3 a6 17. Rad1 Rfe8 18. Bg3 b5 19. e4 d4 20. cxd4 Bxd4 21.
Bb1 Qg5 22. Kh2 Qh5 23. Kg2 Bc8 24. Rh1 Be6 25. b3 Rad8 26. Bd3 Bc8 27. Qc2 Bb7
28. Rhe1 Re6 29. f4 Rde8 30. f3 R6e7 31. Re2 Qh6 32. Rde1 Qg7 33. e5 Bc8 34.
Rh1 f6 35. Rhe1 Qh6 36. h4 Qh5 37. exf6 Bxf6 38. Rxe7 Rxe7 39. Rxe7 Bxe7 40.
Qe2 Kf7 41. Qe1 Qd5 42. Qd2 Be6 43. Qc2 c4 44. bxc4 bxc4 45. Be4 Qd7 46. h5 Bf6
47. hxg6+ hxg6 48. Bxg6+ Kg7 49. Kh2 c3 50. Be1 Qd4 51. Be4 Qe3 52. Qg2+ Kf8
53. f5 Be5+ 54. Bg3 Qh6+ 55. Kg1 Bd4+ 56. Bf2 Qc1+ 57. Kh2 Bxf2 58. fxe6 Qf4+
59. Kh1 Qh4+ 60. Qh2 Ke7 61. Qxh4+ Bxh4 62. Kg2 Kxe6 63. Kf1 1/2-1/2

[Event "4NCL Division Three West"]
[Site "Daventry, ENG"]
[Date "2023.02.04"]
[Round "5.51"]
[White "Burnett, Jim"]
[Black "Brackmann, Hendrik"]
[Result "0-1"]
[WhiteElo "2047"]
[BlackElo "2064"]
[PlyCount "140"]
[EventDate "2023.02.04"]
[WhiteTeam "Chessable White Rose 3"]
[BlackTeam "Oxford 2"]

1. d4 Nf6 2. c4 e6 3. Nf3 d5 4. Nc3 c5 5. cxd5 Nxd5 6. e4 Nxc3 7. bxc3 cxd4 8.
cxd4 Bb4+ 9. Bd2 Bxd2+ 10. Qxd2 O-O 11. Bc4 Nd7 12. O-O b6 13. Rad1 Bb7 14.
Rfe1 Rc8 15. Bd3 h6 16. Bb1 Qc7 17. e5 Qc3 18. Qf4 Rfd8 19. Re3 Qb2 20. Rb3 Qe2
21. Re1 g5 22. Rxe2 gxf4 23. Re1 Nb8 24. Rd1 Bxf3 25. gxf3 Nc6 26. Rbd3 Nxd4
27. Rxd4 Rxd4 28. Rxd4 Rc1+ 29. Kg2 Rxb1 30. Rxf4 Re1 31. Ra4 a5 32. f4 Re2 33.
Ra3 Kg7 34. Rb3 Rxa2 35. Rxb6 Ra4 36. Kf3 Rb4 37. Ra6 a4 38. Ra7 Kg6 39. Kg3
Rb3+ 40. Kg2 a3 41. h3 h5 42. Kh2 h4 43. Kg2 Rc3 44. Kh2 Rc2 45. Kg2 a2 46. Kf3
Rb2 47. Kg2 Kg7 48. f5 exf5 49. e6 a1=Q 50. Rxa1 fxe6 51. Ra4 e5 52. Rxh4 e4
53. Kg1 Kg6 54. Rh8 Kg5 55. Ra8 Rd2 56. Re8 Kf4 57. Rf8 Rd6 58. Rg8 Rh6 59. Kg2
Rh5 60. Rg7 Rg5+ 61. Rxg5 Kxg5 62. Kg3 f4+ 63. Kg2 Kh4 64. Kh2 f3 65. Kh1 Kxh3
66. Kg1 Kg4 67. Kf1 Kf4 68. Ke1 e3 69. Kf1 e2+ 70. Ke1 Kg4 0-1

[Event "4NCL Division Three West"]
[Site "Daventry, ENG"]
[Date "2023.02.04"]
[Round "5.52"]
[White "Hobson, Kenneth"]
[Black "Jeje, Ayodeji"]
[Result "1/2-1/2"]
[WhiteElo "2064"]
[BlackElo "2107"]
[PlyCount "140"]
[EventDate "2023.02.04"]
[WhiteTeam "Oxford 2"]
[BlackTeam "Chessable White Rose 3"]

1. e4 d5 2. exd5 Qxd5 3. Nc3 Qa5 4. Nf3 Bf5 5. d4 c6 6. Bc4 e6 7. Bd2 Qc7 8.
Qe2 Be7 9. Ne5 h5 10. O-O Nf6 11. Rae1 O-O 12. Bf4 Qb6 13. Qd2 Qxb2 14. Rb1 Qa3
15. Rb3 Qa5 16. Nd5 Qd8 17. Nxf6+ Bxf6 18. Rxb7 c5 19. c3 cxd4 20. cxd4 Bxe5
21. Bxe5 Nc6 22. Qe3 Nxe5 23. Qxe5 Qh4 24. Bb3 Qe4 25. Qxe4 Bxe4 26. Rc7 Rfd8
27. Rd1 Bd5 28. f3 Bxb3 29. axb3 Rd5 30. Ra1 a6 31. Rc6 Rb8 32. Raxa6 Rxb3 33.
Rab6 Rxb6 34. Rxb6 Rxd4 35. Rb2 g6 36. Kf2 Rd3 37. h4 Kg7 38. Ra2 Kf6 39. Ra7
Rd2+ 40. Kg3 Rd5 41. Rb7 Rf5 42. Ra7 g5 43. hxg5+ Rxg5+ 44. Kf2 Kg6 45. Re7 h4
46. Re8 Rh5 47. Rg8+ Kf6 48. Ra8 h3 49. gxh3 Rxh3 50. Ra7 e5 51. Ke3 Rh4 52.
Rb7 Kg6 53. Re7 f6 54. Ra7 Kf5 55. Ra5 Rb4 56. Ra3 Kg5 57. Ra5 Rb3+ 58. Kf2 Kf5
59. Ra4 Kg5 60. Ra5 Rb7 61. Kg3 Re7 62. f4+ Kf5 63. fxe5 fxe5 64. Kf3 Rb7 65.
Ra4 Rb3+ 66. Kf2 Rd3 67. Rb4 Rd4 68. Rxd4 exd4 69. Ke2 Ke4 70. Kd2 Ke5 1/2-1/2

[Event "4NCL Division Three West"]
[Site "Daventry, ENG"]
[Date "2023.02.04"]
[Round "5.53"]
[White "Wills, Tom"]
[Black "Wilson, Edgar"]
[Result "0-1"]
[WhiteElo "2074"]
[BlackElo "2000"]
[PlyCount "112"]
[EventDate "2023.02.04"]
[WhiteTeam "Chessable White Rose 3"]
[BlackTeam "Oxford 2"]

1. e4 e6 2. d4 d5 3. Nc3 Bb4 4. e5 c5 5. a3 Bxc3+ 6. bxc3 Ne7 7. Qg4 O-O 8. Bd3
f5 9. exf6 Rxf6 10. Bg5 Rf7 11. Qh5 g6 12. Qd1 Nbc6 13. Nf3 Qc7 14. Bh4 cxd4
15. O-O dxc3 16. Qe1 Rxf3 17. gxf3 Qf4 18. Bg3 Qxf3 19. Qe3 Qxe3 20. fxe3 Nf5
21. Bxf5 exf5 22. Rad1 Be6 23. Be1 Ne5 24. Bxc3 Nc4 25. Rb1 b6 26. a4 Rc8 27.
Rf2 Nxe3 28. Bb2 Rxc2 29. Rxc2 Nxc2 30. Rc1 Ne3 31. Rc7 Nc4 32. Bd4 a5 33. Re7
Bf7 34. Kf2 Kf8 35. Rb7 Be8 36. Bxb6 Nxb6 37. Rxb6 Bxa4 38. Ra6 Be8 39. Rxa5
Bf7 40. Ke3 Ke7 41. Kf4 Kf6 42. Ra7 g5+ 43. Kf3 h6 44. Rd7 f4 45. h4 Ke6 46.
Ra7 Bh5+ 47. Kf2 g4 48. Ra6+ Kf5 49. Rxh6 g3+ 50. Kf1 Bf3 51. Rh8 Be4 52. h5 f3
53. Rf8+ Kg5 54. Rg8+ Kf4 55. Ke1 f2+ 56. Ke2 Bd3+ 0-1

[Event "4NCL Division Three West"]
[Site "Daventry, ENG"]
[Date "2023.02.04"]
[Round "5.54"]
[White "Phan, Stefanus Kf"]
[Black "Edwards-Wright, Miles D"]
[Result "1-0"]
[WhiteElo "1967"]
[BlackElo "2045"]
[PlyCount "57"]
[EventDate "2023.02.04"]
[WhiteTeam "Oxford 2"]
[BlackTeam "Chessable White Rose 3"]

1. c4 g6 2. g3 Bg7 3. Bg2 c5 4. Nc3 Nf6 5. e4 Nc6 6. Nge2 O-O 7. O-O Rb8 8. d3
a6 9. a4 Ne8 10. Be3 d6 11. d4 cxd4 12. Nxd4 Nc7 13. f4 Ne6 14. Nde2 Nc5 15.
Rb1 Bg4 16. h3 Bxe2 17. Nxe2 Qa5 18. b3 Nb4 19. Qd2 b5 20. axb5 axb5 21. Nd4
bxc4 22. bxc4 Rfc8 23. Rfd1 Qa2 24. Nc6 Qxd2 25. Nxe7+ Kf8 26. Bxd2 Kxe7 27.
Bxb4 Rd8 28. e5 Rbc8 29. exd6+ 1-0

[Event "4NCL Division Three West"]
[Site "Daventry, ENG"]
[Date "2023.02.04"]
[Round "5.55"]
[White "Mize, Dylan"]
[Black "Davis, Cameron"]
[Result "1/2-1/2"]
[WhiteElo "1857"]
[BlackElo "1935"]
[PlyCount "50"]
[EventDate "2023.02.04"]
[WhiteTeam "Chessable White Rose 3"]
[BlackTeam "Oxford 2"]

1. d4 d5 2. Nf3 Nf6 3. e3 e6 4. Bd3 c5 5. b3 Be7 6. Bb2 b6 7. O-O Ba6 8. Bxa6
Nxa6 9. Qe2 Nb4 10. a3 Nc6 11. Nbd2 O-O 12. c4 cxd4 13. Nxd4 Rc8 14. Rfc1 Qd7
15. Nxc6 Qxc6 16. Nf3 Qb7 17. Ne5 dxc4 18. Nxc4 Qa6 19. Qf3 b5 20. Ne5 Rxc1+
21. Rxc1 Bxa3 22. Ra1 b4 23. Nc6 Qb7 24. Bxf6 gxf6 25. Qxf6 Qxc6 1/2-1/2

[Event "4NCL Division Three West"]
[Site "Daventry, ENG"]
[Date "2023.02.04"]
[Round "5.56"]
[White "Murawski, Jan"]
[Black "Irwin, Rosie"]
[Result "1-0"]
[WhiteElo "1984"]
[BlackElo "1177"]
[PlyCount "69"]
[EventDate "2023.02.04"]
[WhiteTeam "Oxford 2"]
[BlackTeam "Chessable White Rose 3"]

1. d4 e6 2. c4 d5 3. Nc3 Nf6 4. Bg5 Be7 5. e3 O-O 6. Nf3 Nc6 7. Bd3 dxc4 8.
Bxc4 a6 9. a4 Nd7 10. Bxe7 Qxe7 11. d5 Nce5 12. Be2 Qd6 13. dxe6 Qxe6 14. Qd5
Nxf3+ 15. Bxf3 Nb6 16. Qxe6 fxe6 17. b3 Rb8 18. O-O Nd7 19. Rac1 b6 20. Ne4 c5
21. Nd6 Ne5 22. Be2 Ra8 23. Nxc8 Rfxc8 24. Rfd1 Rd8 25. f4 Nc6 26. Bf3 Rac8 27.
Rxd8+ Nxd8 28. Rd1 Kf8 29. Rd6 c4 30. bxc4 Rxc4 31. Rxd8+ Ke7 32. Rd4 Rc2 33.
Rb4 Rc1+ 34. Kf2 Ra1 35. Bc6 1-0